000 00694nam a2200205Ia 4500
003 GCL
008 140319s9999 xx 000 0 ara d
020 _a8210314977
040 _aGCL /
_cGCL
082 0 4 _a155.916
_bا س
100 1 _aالسيد محمد محمد فرحات
245 1 0 _aسيكولوجية مبتورى الاطراف /
_cالسيد محمد محمد فرحات
250 _aالاولى
260 _aالقاهرة :
_bمكتبة زهراء الشرق ،
_c2004
300 _a507 ص ؛
_c28 سم
650 0 4 _aالمعوقون - رعاية وعلاج
650 0 4 _aالاطفال المعوقون
650 0 4 _aالمعوقون - علم نفس
942 _2ddc
_cBK
999 _c56271
_d56271